Ever since Darwin
Enregistré dans:
| Auteur principal: | |
|---|---|
| Format: | Livre |
| Langue: | Undetermined |
| Publié: |
New York
Penguin Books
1977
|
| Sujets: | |
| Tags: |
Ajouter un tag
Pas de tags, Soyez le premier à ajouter un tag!
|
| Thư viện lưu trữ: | Trung tâm Học liệu Trường Đại học Cần Thơ |
|---|
| LEADER | 00488nam a2200193Ia 4500 | ||
|---|---|---|---|
| 001 | CTU_79978 | ||
| 008 | 210402s9999 xx 000 0 und d | ||
| 020 | |c 15.95 | ||
| 082 | |a 508 | ||
| 082 | |b G696 | ||
| 100 | |a Gould, Stephen Jay | ||
| 245 | 0 | |a Ever since Darwin | |
| 245 | 0 | |c Stephen Jay Gould | |
| 260 | |a New York | ||
| 260 | |b Penguin Books | ||
| 260 | |c 1977 | ||
| 650 | |a Natural history | ||
| 904 | |i Trọng Hải | ||
| 980 | |a Trung tâm Học liệu Trường Đại học Cần Thơ | ||